| 000 | 00489nam a22001817a 4500 | ||
|---|---|---|---|
| 999 |
_c5829 _d5829 |
||
| 003 | GBCCL | ||
| 005 | 20241126110550.0 | ||
| 008 | 180409b ||||| |||| 00| 0 eng d | ||
| 040 | _cgbc | ||
| 082 |
_a152.4 _bLEA |
||
| 100 |
_aLeach, Virgil _910547 |
||
| 245 |
_aAttitudes / _cVirgil Leach |
||
| 260 |
_aTexas: _bQuality Publications, _c1979 |
||
| 300 |
_a115 p.; _c21 cm. |
||
| 650 |
_aAttitude (Psychology) _910548 |
||
| 650 |
_aChristian life _vBiblical Teaching _910549 |
||
| 942 |
_2ddc _cBK |
||